Seleção Brasileira Copa do Mundo - 2018 - Statistics

Estatísticas Gerais
  • Esse quiz foi jogado 1 039 vezes
  • A pontuação média é 20 de 23
Estatísticas das Respostas
CLUBE QUE DEFENDIA QUANDO CONVOCADO JOGADOR % Correto
Roma Alisson
99%
PSG Neymar
99%
Corinthians Cássio
98%
Manchester City Ederson
97%
Manchester City Gabriel Jesus
96%
PSG Marquinhos
96%
PSG Thiago Silva
95%
Real Madrid Casemiro
94%
Liverpool Roberto Firmino
93%
Real Madrid Marcelo
90%
Manchester City Fernandinho
88%
Grêmio Pedro Geromel
88%
Barcelona Philippe Coutinho
88%
Corinthians Fagner
87%
Barcelona Paulinho
83%
Beijing Guoan Renato Augusto
81%
Atlético Madrid Filipe Luís
78%
Manchester City Danilo
76%
Juventus Douglas Costa
75%
Internazionale Miranda
73%
Chelsea Willian
71%
Shakhtar Donetsk Taison
64%
Shakhtar Donetsk Fred
58%
Nenhum quiz correspondente encontrado
Distribuição das Pontuações
Porcentagem de Pessoas com Cada Pontuação
Percentil de Números Respondidos
Sua Pontuação Histórica
Você não jogou esse quiz